ZİFİRİ KARANLIM YILDIZSIZ GECE (Kayıt no. 814497)
[ düz görünüm ]
| 000 -LEADER | |
|---|---|
| sabit uzunluktaki kontrol alanı | 00254nam a2200097Ia 4500 |
| 001 - KONTROL NUMARASI | |
| kontrol alanı | 814497 |
| 005 - EN SON İŞLEMİN TARİH VE ZAMANI | |
| kontrol alanı | 20250826171638.0 |
| 008 - SABİT-UZUNLUKTA VERİ ÖĞELERİ--GENEL BİLGİ | |
| sabit uzunluktaki kontrol alanı | 250824s9999 xx 000 0 und d |
| 245 #0 - ESER / YAZAR | |
| ESER ADI | ZİFİRİ KARANLIM YILDIZSIZ GECE |
| Yazar Adı | STEPHEN KING |
| 260 ## - YAYIN, DAĞITIM, VB. | |
| YAYIN EVİ | ALTIN YAYINLARI |
| Düşüm durumu | Kayıp durumu | Sınıflandırma Kaynağı veya raf şeması | Hasar Durumu | Ödünç verilmez | Ana kütüphane | Geçerli Kütüphane | Edinilen tarih | Toplam ödünç verme sayısı | Tam yer numarası | Barkod | Son görüntüleme tarihi | Fiyatın geçerli olmaya başladığı tarih | Koha materyal türü |
|---|---|---|---|---|---|---|---|---|---|---|---|---|---|
| Dewey Ondalık Sınıflama | SELÇUKLU BELEDİYESİ ORTAOKULU | SELÇUKLU BELEDİYESİ ORTAOKULU | 24.08.2025 | L2 (STEPHEN KING) | 10588919 | 26.08.2025 | 26.08.2025 | Kitaplar |